00802nam a2200265 i 450000500170000000800410001702000150005804000350007304100080010810000370011624500500015325000220020326400260022530000250025133600270027633700330030333800280033649000190036465000390038365000430042265000300046594200150049508400110051099900150052120220317000939.0160801s2006 ck gs 000 0 spa d a9580492654 aCO-BoRNBPbspacCO-BoRNBPerda0 aspa14aGonzález, Tomásd1950eautor14aLos caballitos del diablocTomás González aSegunda edición 1aBogotábNormac2006 a178 páginasc21 cm atextobtxt2rdacontent asin mediaciónbn2rdamedia avolumenbnc2rdacarrier aLa otra orilla14aNovela colombiana ySiglo XX2LEMB14aLiteratura colombiana ySiglo XX2LEMB14aNáufragosvNovela2LEMB 2loccBKLIT aN GON1 c5485d5485